La carrière de Simon Kjær - Statistiques

Statistiques générales
  • Ce quiz a été pris 13 fois
  • Le résultat moyen est 3 sur 10
Statistiques - réponses
Année Match Club % Correct
2013 - 2015 78 LOSC Lille
83%
2020 - 2024 102 AC Milan
75%
2017 - 2020 64 Séville FC
42%
-> 2020 19 AC Milan
25%
-> 2019 6 Atalanta Bergame
8%
2007 - 2008 19 FC Midtjylland
8%
2015 - 2017 88 Fenerbahçe SK
8%
-> 2011 - 2012 24 AS Rome
0%
2008 - 2010 65 US Palerme
0%
2010 - 2013 63 VLF Wolfsburg
0%
Aucun quiz correspondant
Distribution des résultats
% des personnes avec chaque résultat
Percentile par nombre de réponses
Votre historique - résultats
Vous n’avez pas pris ce quiz